Informe de labores : 1984-1985 [de la Secretaría de Educación Pública]/

Este informe presenta lo realizado de septiembre de 1984 a agosto de 1985 en cada uno de los 17 programas implementados por la SEP en ese período. De cada programa se hace una breve valoración acerca de sus principales acciones y logros.

Shranjeno v:
Bibliografske podrobnosti
Korporativna značnica: México. Secretario de Educación Pública. 1985-1988 (González Avelar)
Drugi avtorji: González Avelar, Miguel (autor) (autor)
Format: Knjiga
Jezik:španščina
Izdano: México : Secretaría de Educación Pública, 1985
Teme:
Oznake: Označite
Brez oznak, prvi označite!

MARC

LEADER 00000nam^a2200000^a^4500
001 000022665
005 20250521000000.0
009 20260310084505.77
020 |a 968-29-0791-8 
037 |a Acervo ITESO - Biblioteca 
041 |a ESP 
082 |a 379. 972  |b MEX SEP 1985 
110 |a México.  |b Secretario de Educación Pública. 1985-1988 (González Avelar) 
240 1 1 |a [Informe de labores de la Secretaría de Educación Pública] 
245 1 0 |a Informe de labores :  |b 1984-1985 [de la Secretaría de Educación Pública]/  |c M. González Avelar. 
264 1 |a México :  |b Secretaría de Educación Pública,  |c 1985 
300 |a 106 p. 
336 |a texto  |b txt  |2 rdacontenido 
337 |a sin mediación  |b n  |2 rdamedio 
338 |a volumen  |b nc  |2 rdasoporte 
520 |a Este informe presenta lo realizado de septiembre de 1984 a agosto de 1985 en cada uno de los 17 programas implementados por la SEP en ese período. De cada programa se hace una breve valoración acerca de sus principales acciones y logros. 
649 |a XX 
650 |a Secretaría de Educación Pública -  |z México -  |x Informes -  |x Tema Principal 
650 |a Ministerios de Educación y Cultura -  |z México -  |x Informes 
650 |a Ministerios de Estado -  |z México -  |x Informes 
650 |a Acceso a la Educación -  |z México 
650 |a Calidad de la Educación -  |z México 
650 |a Educación y Desarrollo -  |z México 
650 |a Educación y Sociedad -  |z México 
650 |a Política Cultural -  |z México 
650 |a Política Científica y Tecnológica -  |z México 
650 |a Política Educativa -  |z México 
650 |a Educación -  |z México -  |x Historia -  |y 1982-1988 -  |x Tema Principal 
650 |a Administración Pública -  |z México -  |x Historia -  |y 1982-1988 
650 |a Política -  |z México -  |x Historia -  |y 1982-1988 
700 |a González Avelar, Miguel  |e (autor) 
910 |a Fondo General 
920 |a Impresos - Libros 
930 |a Colección General 
905 |a 101 
901 |a 0226650100  |b IT1  |c ACC  |i 022665  |u 20250521 
902 |a https://opac.biblio.iteso.mx/vufind/Record/000022665